Perspectivas sobre Feminismo y Derecho

Bibliographic Details
Format: eBook
Language:Spanish
Published: Madrid : Dykinson, 2012
Subjects:
Online Access:http://www.vlex.com/source/7004

MARC

LEADER 00000nam a22000007a 4500
005 20130221182429.0
007 cr|||| ||||
008 130221e2012 sp |||||s|||| 00||0 spa d
020 |a 978-84-9031-240-7 
035 |a 7004 
040 |a vLex 
090 |c 3707  |d 3707 
245 0 0 |a Perspectivas sobre Feminismo y Derecho  |h [Recurso electrn̤ico] 
256 |a Servicio en ln̕ea 
260 |a Madrid :  |b Dykinson,   |c 2012  
300 |a 1 Recurso electrn̤ico 
650 0 4 |a Feminismo 
650 0 4 |a Derecho 
740 |a vLex Libros (Servicio en ln̕ea) 
856 |a Acceso restringido  |u http://www.vlex.com/source/7004 
942 |c BOOK 
999 0 |a Feminism